1366 1912 1395 1732 1547 1619 1851 1469 1797 1131 1282 1921 1520 1243 1402 1202 1348 1561 1075 1446 1564 1717 1199 1068 1196 1482 1095 1059 1037 1979 1557 1206 1294 1648 1060 1992 1158 1039 1893 1354 1307 1568 1239 1017 1931 1715 1176 1391 1689 1840 1133 1373 1540 1649 1520 1522 1839 1230 1717 1353 1243 1134 1990 1890 1565 1427 1562 1990 1214 1534 1640 1562 1145 1556 1038 1510 1978 1702 1170 1645 1321 1433 1874 1984 1059 1822 1574 1178 1175 1582 1643 1496 1736 1587 1789 1641 1305 1993 1497 BCNSPRNW ULIB Ver.6.0+V

เปลี่ยนเป็นภาษาไทย

Change to English
 แสดงรายละเอียดบรรณานุกรม
  กลับหน้าหลัก

Brief Record : Get Marc (ISO 2709) : E-mail record : QR code < ปิดหน้าต่าง
LEADER : 00000nam 2200000uu 4500
001    13399113193
003     ULIB
008    111003s2553||||th 000 0 tha d
020    9789748354996
050 04 TT890^bศ861ศ 2553
100 0  เศรษฐมันตร์ กาญจนกุล
245 10 ศิลปะอลังการ พนมหมากพนมพลู พนมดอกไม้/^bเศรษฐมันตร์ กาญจนกุล
260    กรุงเทพฯ :^bเศรษฐศิลป์,^c2553
300    80 หน้า :^bภาพประกอบ
650  7 การประดิษฐ์ด้วยใบตอง
945    ^p250^l0^i028882
995    ทศพร
999 ^a ทศพร
รายการนี้ยังไม่มีแท็ก
คุณยังไม่ได้ล็อกอิน คุณสามารถมีกิจกรรมร่วมกับเว็บไซต์ได้ แต่ต้องล็อกอินก่อน ::
  ล็อกอิน

รายการสื่อสารสนเทศ

ลำดับที่ ประเภท เลขเรียก/บาร์โค้ด สถานที่ สถานะ
- ไม่พบข้อมูล -

รายการใกล้เคียง
    หัวเรื่อง [การประดิษฐ์ด้วยใบตอง]

BibComment


ยังไม่เคยถูกคอมเมนท์

คอมเมนท์ทรัพยากรรายการนี้
  คอมเมนท์: ศิลปะอลังการ พนมห..


 Copyright 2026. Bcnsprnw @Library